| 000 | 01802nam a2200337 c 4500 | ||
|---|---|---|---|
| 001 | 57762 | ||
| 003 | CO-BoRNBP | ||
| 005 | 20250730144716.0 | ||
| 007 | ta | ||
| 008 | 200426s2006 ck a frf 000 0 spa d | ||
| 020 | _a9789582002557 | ||
| 040 |
_aCO-BoRNBP _bspa _erda _cCO-BoRNBP |
||
| 041 | 0 | _aspa | |
| 082 | 0 | 4 |
_a371.192 _bT73t _223 |
| 100 |
_aTriana de Riveros, Blanca Isabel _eaut _924948 |
||
| 245 | 1 | 3 |
_aLa tertulia familiar : _belemento de comunicacion e integracion, talleres para padres / _cBlanca Isabel Triana de Riveros, María Victoria Salcedo de Sastoque. |
| 250 | _aSegunda edición | ||
| 264 | 1 |
_aBogotá, Colombia : _bCooperativa Editorial Magisterio, _c2006 |
|
| 300 |
_a122 páginas : _bilustraciones a color |
||
| 336 |
_atexto _btxt _2rdacontent |
||
| 337 |
_asin mediación _bn _2rdamedia |
||
| 338 |
_avolumen _bnc _2rdacarrier |
||
| 520 | _aEsta obra presenta una propuesta para hacer de la tertulia familiar un elemento de comunicación entre los miembros de la familia. Se han tomado textos de gran valor literario que permiten acoplarse perfectamente a los diferentes temas seleccionados a partir de la experiencia en talleres con padres de familia, trabajando todas las dimensiones del ser humano, que el Servicio Nacional de Aprendizaje (SENA) ha clasificado en: Dimensión Biológica, Intelectual, Volitiva, Afectiva, Sociopolítica, Ecológica, Ecología, Económico-laboral y Espiritual. (Tomado de la fuente) | ||
| 521 | _aRecomendado para público especializado | ||
| 650 | 0 | 7 |
_aEducación en el hogar _vmanuales _2lemb _961542 |
| 650 | 0 | 7 |
_aFamilia y educación _2lemb _961543 |
| 650 | 0 | 7 |
_aPadres e hijos _2lemb |
| 650 | 0 | 7 |
_aRelaciones familiares _vmanuales _2lemb _961544 |
| 700 | 1 |
_aSalcedo de Sastoque, María Victoria, _dautora _eaut _961545 |
|
| 942 |
_2ddc _cBK |
||
| 999 |
_c57762 _d57762 |
||